LEADER 04960nam 2200613 a 450 001 9910786173803321 005 20230801230122.0 010 $a0-292-74452-8 024 7 $a10.7560/719644 035 $a(CKB)2670000000319462 035 $a(EBL)3443635 035 $a(SSID)ssj0000783647 035 $a(PQKBManifestationID)12407272 035 $a(PQKBTitleCode)TC0000783647 035 $a(PQKBWorkID)10761098 035 $a(PQKB)11612998 035 $a(MiAaPQ)EBC3443635 035 $a(Au-PeEL)EBL3443635 035 $a(CaPaEBR)ebr10629548 035 $a(OCoLC)932314324 035 $a(DE-B1597)587815 035 $a(DE-B1597)9780292744523 035 $a(EXLCZ)992670000000319462 100 $a20120514d2012 uy 0 101 0 $aeng 135 $aur|n|---||||| 181 $ctxt 182 $cc 183 $acr 200 10$aLet the people in$b[electronic resource] $ethe life and times of Ann Richards /$fby Jan Reid ; research assistance by Shawn Morris 205 $a1st ed. 210 $aAustin $cUniversity of Texas Press$d2012 215 $a1 online resource (497 p.) 300 $aDescription based upon print version of record. 311 $a0-292-71964-7 320 $aIncludes bibliographical references and index. 327 $a""Acknowledgments""; ""Prologue: Glimpses""; ""Part One. Gardens of Light""; ""1. Waco""; ""2. New Frontiers""; ""3. Lovers Lane""; ""4. Mad Dogs and First Fridays""; ""5. The Hanukkah Chicken""; ""Part Two. Superwoman's Chair""; ""6. Problem Lady""; ""7. Landslides""; ""8. Raw Deals""; ""9. Capsized""; ""10. The Class of '82""; ""11. Raise Money and Wait""; ""12. Cheap Help""; ""Part Three. Only in Texas""; ""13. Poker Faces""; ""14. The Speech""; ""15. Dispatches""; ""16. Backyard Brawl""; ""17. Answer the Question""; ""18. Bustin' Rocks""; ""19. The Rodeo""; ""Part Four. The Parabola"" 327 $a""20. The New Texas""""21. Fast Start""; ""22. Ethicists""; ""23. Odd Couples""; ""24. Favorables""; ""25. White Hot""; ""26. Heartaches by the Number""; ""27. Troubles by the Score""; ""28. Sass""; ""29. Collision Course""; ""30. Queen Bee""; ""Passages""; ""Notes""; ""Photo Credits""; ""Index"" 330 $aWhen Ann Richards delivered the keynote of the 1988 Democratic National Convention and mocked President George H. W. Bush??Poor George, he can?t help it. He was born with a silver foot in his mouth??she instantly became a media celebrity and triggered a rivalry that would alter the course of American history. In 1990, Richards won the governorship of Texas, upsetting the GOP?s colorful rancher and oilman Clayton Williams. The first ardent feminist elected to high office in America, she opened up public service to women, blacks, Hispanics, Asian Americans, gays, and the disabled. Her progressive achievements and the force of her personality created a lasting legacy that far transcends her rise and fall as governor of Texas. In Let the People In, Jan Reid draws on his long friendship with Richards, interviews with her family and many of her closest associates, her unpublished correspondence with longtime companion Bud Shrake, and extensive research to tell a very personal, human story of Ann Richards?s remarkable rise to power as a liberal Democrat in a conservative Republican state. Reid traces the whole arc of Richards?s life, beginning with her youth in Waco, her marriage to attorney David Richards, her frustration and boredom with being a young housewife and mother in Dallas, and her shocking encounters with Lyndon Johnson and Jimmy Carter. He follows Richards to Austin and the wild 1970s scene and describes her painful but successful struggle against alcoholism. He tells the full, inside story of Richards?s rise from county office and the state treasurer?s office to the governorship, where she championed gun control, prison reform, environmental protection, and school finance reform, and he explains why she lost her reelection bid to George W. Bush, which evened his family?s score and launched him toward the presidency. Reid describes Richards?s final years as a world traveler, lobbyist, public speaker, and mentor and inspiration to office holders, including Hillary Clinton. His nuanced portrait reveals a complex woman who battled her own frailties and a good-old-boy establishment to claim a place on the national political stage and prove ?what can happen in government if we simply open the doors and let the people in.? 606 $aGovernors$zTexas$vBiography 606 $aPoliticians$zUnited States$vBiography 607 $aTexas$xPolitics and government$y1951- 615 0$aGovernors 615 0$aPoliticians 676 $a976.4/063092 676 $aB 700 $aReid$b Jan$01481061 801 0$bMiAaPQ 801 1$bMiAaPQ 801 2$bMiAaPQ 906 $aBOOK 912 $a9910786173803321 996 $aLet the people in$93697883 997 $aUNINA